Nosotros y nosotras: ¿Dónde esta la diferencia?. Hablemos entre nosotros y nosotras sobre sexualidad

Đã lưu trong:
Chi tiết về thư mục
Tác giả chính: Lorenzo, Laura
Nhiều tác giả của công ty: CCSS. Departamento de Medicina Preventiva. Programa de Atención Integral a la Adolescencia, CCSS.PAIA FNUAP
Tác giả khác: prod
Định dạng: Texto
Ngôn ngữ:Spanish
Được phát hành: San José: PAIA. CCSS. FNUAP
Những chủ đề:
Các nhãn: Thêm thẻ
Không có thẻ, Là người đầu tiên thẻ bản ghi này!

MARC

LEADER 00000 a a2200000 04500
001 29977
003 cru CIDCACS/IIS
005 20170919153403.0
007 ta
008 170914b2000 cr ||||| |||| 00| 0 spa d
999 |c 6211  |d 6211 
040 |c cru CIDCACS/IIS 
090 |a RE14.03.03 L318n 
100 |a Lorenzo, Laura  
110 |a CCSS. Departamento de Medicina Preventiva. Programa de Atención Integral a la Adolescencia  
245 |a Nosotros y nosotras:  |b  ¿Dónde esta la diferencia?. Hablemos entre nosotros y nosotras sobre sexualidad   |c CCSS. Departamento de Medicina Preventiva. Programa de Atención Integral a la Adolescencia  
260 |a San José:   |b PAIA. CCSS. FNUAP  
500 |a Posee "Guía Metodológica para videos" en texto No. 193501  
650 1 0 |9 417  |a SEXUALIDAD 
650 1 0 |9 418  |a EDUCACION SEXUAL 
650 1 0 |9 964  |a GENERO 
700 |a prod.  
710 |a CCSS.PAIA   |a FNUAP  
942 |2 ddc  |c RE